000 00441nam a2200157 i 4500
001 37467
003 ES-MaACL
005 20230906155559.0
007 t|
008 030304s1876 phl ||||1| lat d
245 0 0 _aCatalogus seminum in horto botanico manilensis
_b: anno 1876 collectorum.
260 _aManilae :
_b[s.n.],
_c1876.
300 _a16 p. ;
_c21 cm.
650 4 _aSemillas-
_vCatálogos.
_9159141
852 _aES-MaACL
_jT-209-F-5
999 _c37467
_d37467